000 00263nam a2200097Ia 4500
001 1206648
005 20251016145115.0
008 250824s9999 xx 000 0 und d
245 0 _aBEN PIHTI BİR AYRILIĞIN MESNEVİSİ
_cGÖKHAN SERTER
260 _bMGV YAYINLARI
999 _c1206648
_d1206648